000 00380nam a2200169Ia 4500
005 20250423101424.0
008 250422s9999 xx 000 0 und d
020 _a978-978-08470-2-9
100 _aIbrahim, I. B.
245 4 _aThe Rise of a servant-Leader
260 _aMinna
260 _bGurara
260 _c2009
300 _a214 p
650 _aBiography
942 _cBK
999 _c36255
_d36255